000 00482cam a2200181ua 4500
020 _c4.50
041 _amal
_h
082 _a923.2
_bSAN/GA
100 _aSankaran, Namboodiripad .
245 _aGandhijiyum Gandhisavum /
_cSankaran Namboodiripad.
_hTextual Documents
250 _a1 /
_b.
260 _aKottayam :
_bPrabhatham printing and publishing co. pvt. ltd. ,
_c1959.
300 _a246 ; .
365 _a4.50
504 _a
942 _cBK
999 _c6669
_d6669